Sociálne bývanie na Slovensku diplomová práca

Enregistré dans:
Détails bibliographiques
Auteur principal: Maruniak, Jakub
Collectivité auteur: Fakulta hospodárskej informatiky EU. Katedra štatistiky
Autres auteurs: Labudová, Viera, 1958-
Format: Livre
Langue:slovaque
Publié: Bratislava 2017
Tags: Ajouter un tag
Pas de tags, Soyez le premier à ajouter un tag!

MARC

LEADER 00000nbm a2200000 4500
001 0230939
005 20171107142316.5
041 0 |a slo 
044 |a SK 
245 1 0 |a Sociálne bývanie na Slovensku  |b diplomová práca  |c Jakub Maruniak ; školiteľ: Viera Labudová 
264 1 |a Bratislava  |c 2017 
300 |a 65 s. 
100 1 |a Maruniak, Jakub 
700 1 |a Labudová, Viera, 1958- 
710 2 |a Fakulta hospodárskej informatiky EU. Katedra štatistiky